Naruto: Members of the Akatsuki - Statistics

General Stats
  • This quiz has been taken 2,086 times
  • The average score is 10 of 11
Answer Stats
Hint Answer % Correct
Genjutsu Itachi
99%
Leader Pain/Nagato
98%
Shark Kisame
97%
Puppets Sasori
97%
Mask Tobi/Obito
97%
Paper Konan
96%
Clay Deidara
95%
Immortal Hidan
95%
White/Black Zetsu
95%
5 Hearts Kakuzu
89%
Former Member Orochimaru
86%
No matching quizzes found
Score Distribution
Percent of People with Each Score
Percentile by Number Answered
Your Score History
You have not taken this quiz